| 000 | 02648nam a2200493 c 4500 | ||
|---|---|---|---|
| 999 |
_c400620 _d400620 |
||
| 003 | BLK | ||
| 005 | 20230410151328.0 | ||
| 008 | 180408b bul|||||r ||||||| ||bul|| | ||
| 010 | _aKNG00098420000 | ||
| 020 | _a978-619-7306-12-5 | ||
| 040 | _aBLK | ||
| 041 |
_aBUL _cBUL |
||
| 072 | 7 |
_2bullib _aН20 _xРелигия. Теология Н |
|
| 080 |
_aБългарска православна църква _b281.962 _x(091)(092) _z281.962(091)(092) |
||
| 080 |
_aЦърковен национален въпрос. Обособяване на самостоятелна българска църква. Създаване на Българска екзархия _b94(497.2)"1870" _x(092) _z94(497.2)"1870"(092) |
||
| 100 | 1 |
_aТемелски, Христо Иванов _eпърви автор _9365602 |
|
| 139 |
_aТемелски, Христо Иванов _bТ 47 |
||
| 245 |
_aБългарската екзархия _b150 години от учредяването й _cХристо Темелски |
||
| 257 | _aBGR | ||
| 260 |
_c2020 _9209782 _aСофия _bСинод. изд. на Бълг. православна църква _n954-8398- |
||
| 300 | _c21 см | ||
| 380 | _a2 | ||
| 650 | 4 |
_aЦърква, българска - история _9256539 |
|
| 650 | 4 |
_aИзточноправославна църква - България _9270106 |
|
| 650 | 4 |
_aЦърковно-национална борба - България _9270296 |
|
| 650 | 4 |
_aДуховници, български _9265298 |
|
| 651 | 4 |
_aБългария _9241624 |
|
| 653 | _aбългарска църква | ||
| 653 | _aправославна църква | ||
| 653 | _aцърковно-национални борби | ||
| 653 | _aбългарски духовници | ||
| 653 | _aбългарска история | ||
| 659 | _aН | ||
| 852 |
_aЦб 307085 _bЦб |
||
| 856 | 4 | _qpdf | |
| 856 | 4 | _qpdf | |
| 942 |
_cKNG _n0 _s1 |
||
| 944 |
_aCR _c2021-03-10 _kВ. Т. |
||
| 999 | _d93620 | ||